000 00804nam a2200217Ia 4500
003 GCL
008 140319s9999 xx 000 0 ara d
020 _a3129327977
040 _aGCL /
_cGCL
082 0 4 _a193
_bص ذ
100 1 _aصفاء عبد السلام جعفر
245 1 0 _aالذات الحقيقية عند كارل ياسبرز :
_bقراءة فى مفارقة المواقف الحدية /
_cصفاء عبد السلام جعفر
260 _aالقاهرة :
_bدار الوفاء لدنيا الطباعة والنشر ،
_c2001
300 _a191 ص ؛
_c24 سم
650 0 4 _aالانسانيات
650 0 4 _aالفلاسفة
650 0 4 _aالفلسفة الغربية
650 0 4 _aالفلسفة - نظريات
650 0 4 _aالفلسفة - مذاهب
942 _2ddc
_cBK
999 _c6180
_d6180